000
00256nam a2200109 a 4500
005
20140513081050.0
008
020606s19uu xx 00 eng d
050
_a
P 745.6
_b
ALP 1992
245
_a
Alphabet 2.
650
_a
Alphabets--Poster
999
_c
116304
_d
116304